000 00554nam a2200181Ia 4500
005 20250508161754.0
008 008 250505s9999 xx 000 0 eng d
037 _aTextual
040 _aFEDL
_beng
_cFEDL
041 _aeng
_2eng
084 _a327.73, ARO
_qFEDL
100 _aAron Raymond
245 0 _aImperial republic : The united states and the world 1945-1973
260 _aNew Delhi, India
_bPrentice Hall of India Private Limited
_c1975
300 _axxxvii,339p.
942 _cTEXL
_h327.73, ARO
999 _c1372099
_d1372099